[Event "WSTCC-65 2020"]
[Site "Prague"]
[Date "2020.03.08"]
[Round "3.17"]
[White "Vaisser, Anatoly"]
[Black "Huss, Andreas"]
[Result "1-0"]
[WhiteElo "2495"]
[BlackElo "2253"]
[Annotator "TA"]
[PlyCount "103"]
[EventDate "2020.03.06"]
[EventType "team-tourn"]
[EventCountry "CZE"]
[SourceTitle "playchess.com"]
[Source "ChessBase"]
[SourceQuality "1"]

{[%evp 18,103,11,13,13,14,16,20,11,13,48,41,50,41,49,-20,-17,-8,-20,-25,-8,-22,0,-29,0,0,47,45,39,27,44,16,27,22,19,0,0,0,19,0,0,0,0,-4,0,-2,-1,-7,0,0,0,0,0,0,0,0,0,-70,0,0,0,0,0,0,0,3,305,296,352,198,219,160,275,264,261,268,378,377,370,382,385,386,461,487,414,412,413,409]} 1. d4 Nf6 2. c4 e6 3. Nc3 Bb4 4. e3 b6 5. Nge2 Ba6 6. Ng3 Bxc3+ 7. bxc3 d5 8. Ba3 Bxc4 9. Bxc4 dxc4 10. Qa4+ Qd7 {E45: Nimzo-Indian: Rubinstein: 4...b6 5 Ne2 Ba6.} 11. Qxc4 Qc6 12. Qxc6+ $1 Nxc6 {The position is equal.} 13. c4 O-O-O 14. Rc1 Kb7 15. f3 h5 {[#]} 16. Kf2 $146 (16. h4 $14) ({Predecessor:} 16. h4 Rhg8 17. Kf2 g5 18. hxg5 Rxg5 19. Ne2 Rdg8 20. g3 Rf5 21. Kg2 Ra5 22. Rc3 {1-0 (56) Toth,B (2316)-Huss,A (2304) Switzerland 2012}) 16... h4 $11 17. Ne2 Rh5 $1 18. Rhd1 Ra5 19. Rc3 Ra4 20. Rb1 a6 21. Nc1 Rd7 22. Nd3 {And now Nc5+ would win.} Kc8 23. Rb2 g5 24. h3 Nh5 25. Rbc2 Ra5 26. Bc1 f5 27. a3 f4 28. exf4 Nxd4 29. Ra2 Nxf4 30. Nxf4 gxf4 31. Bxf4 Rf5 32. Be3 c5 33. a4 a5 34. Rb2 Kc7 35. Bc1 e5 36. Re3 $1 Nc6 37. Rbe2 (37. Rd2 $11) 37... Rd4 ({Better is} 37... Nb4 $1 $15 38. Kf1 Rd1+ 39. Re1 Rd4) 38. Re4 Nb4 {aiming for ...Nd3+.} 39. Bd2 Nd3+ 40. Kf1 {Black should prevent Bc3.} Nf4 $1 {[%cal Rf4e2]} 41. Rxd4 cxd4 $4 {[%mdl 8192] [#] Now Black is done in.} (41... exd4 $11 42. Bxf4+ Rxf4) 42. Rxe5 $1 {[%mdl 4608] Endgame KRB-KRN} Nh5 (42... Rxe5 43. Bxf4) 43. Rb5 (43. Rxf5 $142 Ng3+ 44. Kf2 Nxf5 45. Ke2) 43... Ng3+ $18 {[#]} 44. Ke1 $1 Kc6 (44... Kd6 $16 45. Rxb6+ Kc5 46. Rb5+ (46. Bxa5 Re5+ 47. Kd2 Nf1+ 48. Kd1 Re8 $14) 46... Kxc4) 45. Bg5 Rf8 46. Bxh4 Re8+ (46... Nf5 $142) 47. Kd2 Ne2 48. Bf6 {Strongly threatening Re5.} Nc3 49. Re5 Rg8 50. Re6+ {[%mdl 64] Discovered Attack} Kd7 51. Re7+ Kd6 52. Rg7 {Accuracy: White = 86%, Black = 75%.} 1-0

[Event "WSTCC-65 2020"]
[Site "Prague"]
[Date "2020.03.08"]
[Round "3.18"]
[White "Hohler, Peter"]
[Black "Giffard, Nicolas"]
[Result "0-1"]
[WhiteElo "2057"]
[BlackElo "2236"]
[Annotator "TA"]
[PlyCount "94"]
[EventDate "2020.03.06"]
[EventType "team-tourn"]
[EventCountry "CZE"]
[SourceTitle "playchess.com"]
[Source "ChessBase"]
[SourceQuality "1"]

{[%evp 18,94,20,18,18,16,25,19,18,18,20,25,27,23,28,36,28,21,42,46,62,30,36,13,7,3,42,52,55,34,42,13,20,0,35,-14,-6,-32,-2,-64,-60,-72,-72,-82,-71,-81,-68,-111,-111,-107,-118,-162,-162,-187,-187,-174,-65,-104,-78,-96,-83,-124,-94,-167,-127,-111,-85,-231,-237,-923,-945,-1006,-1006,-891,-866,-6270,-6270,-1447,-1190]} 1. d4 Nf6 2. c4 e6 3. Nf3 Bb4+ 4. Nbd2 O-O 5. a3 Bxd2+ 6. Qxd2 a5 7. b3 b6 8. g3 Bb7 9. Bg2 d6 10. O-O Qe7 {E11: Bogo-Indian.} 11. Bb2 Nbd7 12. Ne1 Bxg2 {The position is equal.} 13. Nxg2 {[#]} c5 $146 ({Predecessor:} 13... Ne4 14. Qd3 f5 15. Rad1 Nef6 16. f3 g6 17. Nf4 g5 18. Nh3 h6 19. Nf2 Qh7 {1-0 (54) Walther,J (2091)-Bascetta,B (2026) ICCF email 2012}) 14. Rad1 a4 15. b4 cxb4 16. Qxb4 Rfc8 17. Ne3 Ne8 18. Rb1 Rcb8 19. Rfd1 Ndf6 20. Rd3 Qd7 21. Bc3 Qc8 22. Be1 h6 23. Qd2 Qd7 24. Qd1 d5 25. cxd5 exd5 26. Rc3 Nd6 27. Qd3 b5 28. Rc2 (28. Rc5 $11) 28... Nc4 $15 29. Bb4 Re8 {...Rxe3! is the strong threat.} 30. Ng2 Ra6 31. e3 Ne4 32. Re2 Rf6 33. Rf1 Ng5 {( -> ...Nf3+)} 34. Ne1 Qg4 35. f4 Ne4 36. Nf3 {[#]} Rg6 (36... Nxg3 $1 $19 {[%mdl 512]} 37. hxg3 Rxe3 38. Rxe3 Qxg3+ 39. Kh1 Qh3+ 40. Nh2 (40. Kg1 $2 Rg6+ 41. Kf2 Rg2+ 42. Ke1 Qg3+ {[%mdl 64] Double Attack} 43. Kd1 Nb2+ {[%mdl 64] Double Attack} 44. Kc1 Nxd3+ 45. Rxd3 Qxf4+ 46. Bd2 Qf5 $19) 40... Nxe3) 37. Rg2 {Ne5 would now be nice for White.} Qc8 38. Ne5 Ra6 39. Nf3 h5 40. Ne5 (40. Re1 $17) 40... f6 41. Nf3 Qg4 42. Re2 {[#] This move loses the game for White.} (42. Nh4 $17) 42... Rae6 $1 $19 43. Nh4 $2 {[#]} (43. f5 Qxf5 44. Nh4) 43... Nxg3 $1 {[%mdl 512] Black is clearly winning.} 44. hxg3 Rxe3 45. Rxe3 Rxe3 46. Qf5 Rxg3+ 47. Kf2 {[#]} Rf3+ $1 {[%mdl 512] Accuracy: White = 52%, Black = 77%.} 0-1

[Event "WSTCC-65 2020"]
[Site "Prague"]
[Date "2020.03.08"]
[Round "3.19"]
[White "Boudre, Jean-Pierre"]
[Black "Kradolfer, Georg"]
[Result "1/2-1/2"]
[WhiteElo "2263"]
[BlackElo "1991"]
[Annotator "TA"]
[PlyCount "121"]
[EventDate "2020.03.06"]
[EventType "team-tourn"]
[EventCountry "CZE"]
[SourceTitle "playchess.com"]
[Source "ChessBase"]
[SourceQuality "1"]

{[%evp 20,121,40,31,41,38,69,51,56,50,62,41,42,44,60,26,51,41,75,30,94,29,64,40,58,54,95,82,83,65,61,72,88,83,77,79,81,75,75,75,93,54,108,76,97,96,96,96,110,81,97,89,121,119,130,125,145,133,220,219,281,171,170,170,157,144,189,186,186,172,179,164,214,185,384,360,373,358,557,575,557,556,1104,523,447,406,372,320,29965,29964,29967,29968,29968,29969,29963,8,8,8,8,8,8,8,8,8]} 1. e4 c6 2. Nc3 d5 3. Nf3 dxe4 4. Nxe4 Bg4 5. h3 Bxf3 6. Qxf3 e6 7. c3 Nd7 8. d4 Ndf6 9. Bd3 Nxe4 10. Qxe4 Nf6 11. Qe2 Qc7 {B11: Caro-Kann: Two Knights Variation.} 12. Bd2 {[#]} h6 $146 ({Predecessor:} 12... Be7 13. h4 Nd5 14. g3 O-O-O 15. O-O-O c5 16. dxc5 Qxc5 17. Kb1 Bf6 18. h5 h6 19. f4 {0-1 (49) Palit,S (2411)-Amigo Villalta,J (2231) Barcelona 2014}) 13. O-O-O O-O-O {White is slightly better.} 14. Kb1 Kb8 15. g3 Bd6 16. c4 {And now c5 would win.} c5 17. Bc3 (17. b4 $5 {[%cal Rb4c5]} b6 18. dxc5 bxc5 19. b5 $14) 17... Rhe8 18. dxc5 Qxc5 19. b4 Qb6 (19... Nd5 $1 $11 20. bxc5 Nxc3+ 21. Ka1 Nxe2 22. cxd6 Nd4) 20. Qb2 ({White should try} 20. a3 $1 $16) 20... Be7 21. a3 Qc6 {Strongly threatening ...Rxd3!} 22. Qe2 Qa4 23. Kb2 Qc6 24. Bc2 Rxd1 25. Rxd1 Rc8 26. Be5+ Ka8 27. Kb3 Rd8 28. f3 Rxd1 29. Qxd1 g6 30. g4 Qd7 (30... a6 $14) 31. Qe2 (31. Qc1 {is more complex.} g5 32. f4 Ne8 33. Qf1 f6 34. Bc3) 31... Ne8 32. Qd3 Qxd3+ 33. Bxd3 $16 {[%mdl 4096] Endgame KBB-KBN} Bd6 34. Bd4 Kb8 35. c5 Bf4 36. Bb5 Nc7 37. Bd7 $1 e5 38. Bf2 g5 (38... Bc1 $16 {was necessary.} 39. a4 Ne6) 39. Kc4 $18 Ne6 40. c6 Nd4 {[#]} 41. cxb7 $1 (41. Bxd4 $6 exd4 42. cxb7 (42. Kxd4 Kc7 $14) 42... Kxb7 $14) 41... Kxb7 42. Be8 (42. Bxd4 $6 exd4 43. Kxd4 Kb6 $14) 42... f6 {[#]} 43. Bg6 $1 (43. Bxd4 $6 exd4 44. Kxd4 Kb6 $14) 43... Kc7 44. Be4 (44. Bxd4 $6 exd4 45. Kxd4 Kb6 $14) 44... Bc1 45. a4 ({Much less strong is} 45. Bxd4 $6 exd4 46. a4 (46. Kxd4 Bxa3 47. b5 Kd6 $11) 46... Kd6 $14) 45... Bb2 46. b5 Kd6 $2 (46... Ba3 47. Be1 (47. Bxd4 exd4 48. Kxd4 Bb2+ 49. Kc5 Bc3 $16) 47... Kb6) 47. Be1 Ba3 48. Ba5 Ne6 (48... Bc5 $142 49. Bd8 Ne6) 49. b6 axb6 50. Bxb6 Bc5 51. a5 (51. Bxc5+ $142 Nxc5 52. a5) 51... Bd4 52. Bxd4 exd4 {KB-KN} 53. a6 Nc7 $2 (53... d3 $18 54. Bxd3 Kc7) 54. a7 Ke5 55. a8=Q Nxa8 56. Bxa8 f5 57. gxf5 $2 (57. Kd3 {mates} Kf6 58. Kxd4 Ke6 59. Bd5+ Kf6 60. Bc4 fxg4 61. hxg4 Ke7 62. Ke5) 57... Kxf5 $11 {The position is equal.} 58. Kxd4 {aiming for Ke3. KB-KPP} Kf4 59. Bd5 h5 $1 60. Bf7 g4 $1 {[%cal Rg4h3]} 61. fxg4 {Accuracy: White = 72%, Black = 57%.} 1/2-1/2

[Event "WSTCC-65 2020"]
[Site "Prague"]
[Date "2020.03.08"]
[Round "3.20"]
[White "Staechelin, Ruedi"]
[Black "Letzelter, Jean-Claude"]
[Result "0-1"]
[WhiteElo "1994"]
[BlackElo "2128"]
[Annotator "TA"]
[PlyCount "96"]
[EventDate "2020.03.06"]
[EventType "team-tourn"]
[EventCountry "CZE"]
[SourceTitle "playchess.com"]
[Source "ChessBase"]
[SourceQuality "1"]

{[%evp 9,96,44,50,45,49,0,12,13,7,8,6,0,0,-12,0,-39,-37,-38,-11,-37,6,-60,-12,-39,0,0,4,-29,0,0,0,-9,0,0,16,0,8,8,11,0,0,0,0,0,0,0,16,0,0,0,0,-14,0,0,0,0,81,69,135,37,52,34,44,56,66,8,4,0,71,0,0,0,0,-7,16,0,0,0,0,0,0,7,183,173,192,200,189,0,469]} 1. e4 Nc6 2. Nf3 g6 3. d4 d6 4. h3 Bg7 5. c3 Nf6 6. Bd3 {B00: Queen's Fianchetto Defence, Nimzowitsch Defence.} e5 7. dxe5 dxe5 8. O-O O-O 9. Bg5 h6 10. Be3 Nh5 11. Bc2 Qf6 {[#]} 12. Nh2 $146 ({Predecessor:} 12. Nbd2 Nf4 13. Bxf4 Qxf4 14. Qe2 h5 15. Rfd1 Be6 16. Nb3 b6 17. a4 a5 18. Nbd2 {0-1 (32) Steinbauer,F (1905)-Ivanov,M (2397) Ceske Budejovice 2015}) 12... Nf4 13. Qf3 g5 14. Kh1 Ne7 {[#]} 15. Bxf4 ({White should try} 15. h4 $1 $11 {[%mdl 512]}) 15... gxf4 16. Qh5 Be6 17. Nd2 Qg6 18. Qxg6 (18. Qe2 {feels hotter.} a5 19. Nhf3 a4 20. b3 Bd7 21. Nc4) 18... fxg6 (18... Nxg6 {with more complications.} 19. Nhf3 Rfd8 20. Bb3 Bd7 21. a4 Bc6) 19. Bb3 Kf7 20. Nhf3 g5 21. Rad1 Ng6 22. g4 Kf6 23. Bxe6 Kxe6 24. Nb3 b6 25. Rd2 Bf6 26. Rfd1 Rf7 27. Kg2 Rh8 28. Rh1 Rfh7 29. Rdd1 h5 30. Nc1 Ne7 31. Nd3 Rh6 32. Nb4 Nc8 (32... c6 $11 {remains equal.}) 33. Rhe1 $16 Nd6 (33... Ne7 $14) 34. Nd5 ({Better is} 34. Nc6 $16) 34... Bd8 35. Re2 a5 36. c4 c6 {Threatens to win with ...hxg4.} 37. c5 (37. Nc3 $14) 37... bxc5 $11 38. Nc3 Be7 (38... hxg4 $11 39. hxg4 Bf6) 39. Red2 (39. Na4 $16) 39... Nc4 {Hoping for ...hxg4.} 40. Re2 Rb8 41. b3 Na3 42. Rc1 Rb4 43. Na4 c4 44. Nb2 {[%cal Rb3c4]} hxg4 45. hxg4 {[%cal Rb3c4]} cxb3 $2 (45... Rh8 $11 {and Black stays safe.}) 46. Rxc6+ $18 Kf7 47. Rxh6 bxa2 {[#]} 48. Nxe5+ $2 (48. Rh1 $1 $18 Nb1 49. Rc2) 48... Ke8 $2 {[%mdl 40960] Accuracy: White = 72%, Black = 77%. . Sensor Board Error (Ke4/e5)?} (48... Kf8 $1 $11 {and Black has nothing to worry.} 49. Rh1 Nb1) 0-1

[Event "WSTCC-65 2020"]
[Site "Prague"]
[Date "2020.03.08"]
[Round "3.21"]
[White "Holst, Per"]
[Black "Pruefer, Friedbert"]
[Result "1/2-1/2"]
[WhiteElo "2152"]
[BlackElo "2214"]
[Annotator "TA"]
[PlyCount "51"]
[EventDate "2020.03.06"]
[EventType "team-tourn"]
[EventCountry "CZE"]
[SourceTitle "playchess.com"]
[Source "ChessBase"]
[SourceQuality "1"]

{[%evp 20,51,65,74,66,81,77,35,108,107,102,103,103,102,109,111,102,78,84,88,95,72,83,24,96,83,84,65,58,59,65,57,67,-74]} 1. Nf3 Nf6 2. c4 g6 3. Nc3 d5 4. cxd5 Nxd5 5. e4 Nxc3 6. dxc3 Qxd1+ 7. Kxd1 Bg7 8. Bf4 c6 9. Kc2 O-O 10. Bc4 Nd7 11. a4 Nc5 {A16: English Opening: 1...Nf6 with ...d5.} 12. Nd2 Be6 13. f3 Rfd8 (13... Bxc4 $14 14. Nxc4 Ne6) 14. Be3 $16 Bxc4 15. Nxc4 Ne6 16. Na5 Rd7 17. Rhd1 Rc7 18. Rd2 {[#]} Kf8 $146 ({Predecessor:} 18... b6 19. Nb3 Be5 20. g3 Bd6 21. f4 Nc5 22. e5 Nxb3 23. Kxb3 Bc5 24. Bxc5 bxc5 {1-0 (35) Menna Barreto,F (2275)-Cervantes Landeiro,T (1878) Saint Louis 2015}) 19. Nc4 Ke8 20. a5 c5 21. Rad1 (21. Rd5 $16) 21... Rd8 (21... Rc6 $1 $11 {remains equal.}) 22. Rxd8+ Nxd8 23. Rd5 Ne6 {White is slightly better.} 24. f4 Nd4+ 25. Kd3 e6 26. Rxc5 {Accuracy: White = 75%, Black = 76%.} (26. Rg5 $14 f6 27. Rg3) 1/2-1/2

[Event "WSTCC-65 2020"]
[Site "Prague"]
[Date "2020.03.08"]
[Round "3.22"]
[White "Brock, Friedemann"]
[Black "Christiansen, Jens Jorgen"]
[Result "1/2-1/2"]
[WhiteElo "2230"]
[BlackElo "2042"]
[Annotator "TA"]
[PlyCount "35"]
[EventDate "2020.03.06"]
[EventType "team-tourn"]
[EventCountry "CZE"]
[SourceTitle "playchess.com"]
[Source "ChessBase"]
[SourceQuality "1"]

{[%evp 13,35,8,45,28,63,62,80,73,72,33,67,54,83,25,54,50,53,35,42,0,0,-10,17,22]} 1. d4 d5 2. c4 c6 3. Nc3 Nf6 4. Nf3 a6 5. cxd5 cxd5 6. Bf4 Nc6 7. e3 {7.Rc1 is the fancy move. Played by Santosh Gujrathi Vidit in February 2020.} Qb6 8. a3 {D13: Slav Defence: Exchange variation without ...Bf5.} e6 9. Bd3 Bd7 10. O-O {White is better.} Be7 11. h3 {[#]} Qa7 $146 ({Predecessor:} 11... Na5 12. b4 Nc4 13. Bxc4 dxc4 14. Ne5 O-O 15. Qe2 Rfc8 16. Rfc1 Bb5 17. a4 Be8 {0-1 (50) Djukic,S (2182)-Benderac,A (2206) Belgrade 2017}) 12. Rc1 O-O 13. Nd2 (13. Ne5 $16) 13... Rac8 14. Nb3 b5 15. Nc5 Na5 $1 16. e4 dxe4 17. N3xe4 Nc4 18. Nxf6+ {Accuracy: White = 67%, Black = 59%.} 1/2-1/2

[Event "WSTCC-65 2020"]
[Site "Prague"]
[Date "2020.03.08"]
[Round "3.23"]
[White "Christiansen, Arne"]
[Black "Schoeneberg, Manfred"]
[Result "1/2-1/2"]
[WhiteElo "2016"]
[BlackElo "2144"]
[Annotator "TA"]
[PlyCount "29"]
[EventDate "2020.03.06"]
[EventType "team-tourn"]
[EventCountry "CZE"]
[SourceTitle "playchess.com"]
[Source "ChessBase"]
[SourceQuality "1"]

{[%evp 15,29,52,63,67,64,58,69,52,85,54,49,49,58,40,47,33]} 1. d4 Nf6 2. Nf3 d6 3. c4 Nbd7 4. Nc3 e5 5. e4 Be7 6. Be2 O-O 7. O-O c6 8. Qc2 Qc7 9. Be3 {A55: Old Indian Defence with Nf3 and e4.} a6 10. Rac1 Re8 11. d5 c5 {[#]} 12. Bd3 $146 ({Predecessor:} 12. a3 b6 13. b4 Nf8 14. Ne1 Bd7 15. Rb1 Reb8 16. Nd3 Be8 17. Rb2 h6 18. Rfb1 {0-1 (77) Danner,G (2401)-Sergeev,V (2522) Oberwart 2011}) 12... Nf8 {White is slightly better.} 13. Ne2 Nh5 14. a3 Bd7 15. Ng3 {White got outplayed after the opening. Accuracy: White = 84%, Black = 84%.} 1/2-1/2

[Event "WSTCC-65 2020"]
[Site "Prague"]
[Date "2020.03.08"]
[Round "3.24"]
[White "Heinsohn, Guenther"]
[Black "Jorgensen, Brian Jorgen"]
[Result "1/2-1/2"]
[WhiteElo "2157"]
[BlackElo "2217"]
[Annotator "TA"]
[PlyCount "37"]
[EventDate "2020.03.06"]
[EventType "team-tourn"]
[EventCountry "CZE"]
[SourceTitle "playchess.com"]
[Source "ChessBase"]
[SourceQuality "1"]

{[%evp 23,37,11,22,4,7,6,8,2,14,0,0,-25,0,-7,0,-20]} 1. e4 c6 2. d4 d5 3. Nd2 {[%cal Bb1d2,Bd2e4,Be4g3][%mdl 32]} dxe4 4. Nxe4 Bf5 5. Ng3 Bg6 6. Nf3 Nd7 7. Bd3 Bxd3 8. Qxd3 Ngf6 9. O-O e6 10. c4 Be7 11. b3 O-O 12. Bb2 Qc7 13. Rfd1 {B18: Classical Caro-Kann: 4...Bf5 sidelines.} Rfd8 14. Qe2 {[#]} Nf8 $146 ({Predecessor:} 14... Nb6 15. Rd3 Re8 16. Ne5 Rad8 17. Rad1 Bf8 18. Ne4 Nxe4 19. Qxe4 Qe7 20. Rh3 f5 21. Qc2 Nd7 {½-½ (21) Schenke,C (1661)-Niewerth,G (1766) Germany 2016}) 15. Ne5 Ng6 16. Nxg6 hxg6 17. Rd3 Rd7 18. Rad1 Rad8 19. h3 {Not much happened in this game.} 1/2-1/2

[Event "WSTCC-65 2020"]
[Site "Prague"]
[Date "2020.03.08"]
[Round "3.25"]
[White "Nordstrom, Felix"]
[Black "Mojzis, Jaroslav"]
[Result "1/2-1/2"]
[WhiteElo "2091"]
[BlackElo "2074"]
[Annotator "TA"]
[PlyCount "31"]
[EventDate "2020.03.06"]
[EventType "team-tourn"]
[EventCountry "CZE"]
[SourceTitle "playchess.com"]
[Source "ChessBase"]
[SourceQuality "1"]

{[%evp 17,31,20,25,39,34,29,33,18,66,12,6,7,16,10,18,0]} 1. d4 Nf6 2. c4 e6 3. Nc3 Bb4 4. Qc2 d6 5. Nf3 Nc6 6. Bd2 O-O 7. a3 Bxc3 8. Bxc3 Qe7 9. e3 e5 10. dxe5 {E33: Nimzo-Indian: Classical: 4...Nc6.} Nxe5 11. Be2 Re8 {[#]} 12. O-O $146 {White is slightly better.} ({Predecessor:} 12. h3 Ng6 13. O-O-O Ne4 14. Be1 a5 15. Nd4 Nc5 16. Bc3 Ne4 17. Be1 Nc5 18. Bc3 Ne4 {½-½ (18) David,A (2426)-Istratescu,A (2565) Sovata 2018}) 12... a5 13. b3 (13. Nxe5 $14 dxe5 14. b4) 13... Nxf3+ $11 {The position is equal.} 14. Bxf3 Ne4 15. Bb2 Bf5 16. Qd1 1/2-1/2

[Event "WSTCC-65 2020"]
[Site "Prague"]
[Date "2020.03.08"]
[Round "3.26"]
[White "Navratil, Frantisek"]
[Black "Carlsson, Ingvar"]
[Result "1/2-1/2"]
[WhiteElo "2124"]
[BlackElo "2038"]
[Annotator "TA"]
[PlyCount "25"]
[EventDate "2020.03.06"]
[EventType "team-tourn"]
[EventCountry "CZE"]
[SourceTitle "playchess.com"]
[Source "ChessBase"]
[SourceQuality "1"]

{[%evp 16,25,0,0,5,0,2,0,4,-21,-20,-34]} 1. e4 e6 2. d4 d5 3. exd5 exd5 4. Bd3 Bd6 5. Nf3 Nc6 6. c3 Nge7 7. Qc2 Bg4 8. Nbd2 Qd7 9. O-O {The position is equal.} f6 {C01: French: Exchange Variation.} 10. b4 Bf5 {[#]} 11. Bxf5 $146 ({Predecessor:} 11. Re1 O-O 12. Nf1 b5 13. Bxf5 Qxf5 14. Qxf5 Nxf5 15. a4 a6 16. Ne3 Nxe3 17. Bxe3 {½-½ (29) Thakur,A (2356)-Sangma,R (2397) Bhiwani 2010}) 11... Qxf5 12. Qxf5 Nxf5 13. Re1+ {Not much happened in this game.} 1/2-1/2

[Event "WSTCC-65 2020"]
[Site "Prague"]
[Date "2020.03.08"]
[Round "3.27"]
[White "Wihlborn, Bengt"]
[Black "Trojan, Lubos"]
[Result "0-1"]
[WhiteElo "1859"]
[BlackElo "1928"]
[Annotator "TA"]
[PlyCount "151"]
[EventDate "2020.03.06"]
[EventType "team-tourn"]
[EventCountry "CZE"]
[SourceTitle "playchess.com"]
[Source "ChessBase"]
[SourceQuality "1"]

{[%evp 14,151,3,4,31,16,43,38,47,35,44,14,9,18,8,0,11,-32,0,0,0,0,4,-15,0,-21,-11,-34,-33,-33,-39,-27,-35,-41,-50,-60,-2,-218,-219,-223,-210,-190,-190,-212,-188,-187,-187,-238,-239,-254,-228,-231,0,-260,-194,-272,-264,-241,-175,-172,-171,-182,-169,-195,-148,-169,-160,-192,-167,-184,-167,-200,-152,-255,-255,-254,-254,-656,-245,-242,-229,-159,-169,-359,-329,-333,-306,-443,-428,-569,-541,-528,-491,-3012,-2760,-4165,-349,-304,0,-3588,-3687,-2394,-1566,-1757,-1571,-691,-159,-3823,-4419,-3850,-3967,-1029,-3919,-3508,-3458,-3397,-2814,-3167,-3114,-2839,-2542,-5077,-4529,-29972,-29966,-29977,-29966,-29974,-29980,-29983,-29984,-29984,-29985,-29985,-29986,-29986,-29987,-29988,-29989,-29989]} 1. Nf3 d5 2. c4 c6 3. e3 Nf6 4. b3 Bg4 5. Be2 e6 6. Bb2 Nbd7 7. O-O Bd6 8. d4 {8.h3 is more advanced technology.} Qc7 {A12: English Opening: 1...c6 with b3 by White.} 9. Nbd2 Qb8 10. h3 Bh5 {[#] White is slightly better.} 11. a3 $146 ({Predecessor:} 11. Re1 O-O 12. Qc2 Re8 13. e4 Nxe4 14. Nxe4 dxe4 15. Qxe4 Bg6 16. Qe3 e5 17. Rad1 {0-1 (38) Wiesemann,P (1828)-Heinert,E (2107) Wuppertal 2008}) 11... h6 12. Ne1 Bg6 13. b4 O-O 14. Nb3 Rd8 15. Nc5 (15. c5 {with more complications.} Bh2+ 16. Kh1 Bc7 17. Nf3 Ne4 18. Rc1) 15... dxc4 {Hoping for ...b5.} 16. Nxd7 $1 Rxd7 17. Bxc4 e5 18. dxe5 Bxe5 19. Qb3 Ne4 $36 {[%mdl 2048] And now ...Bxb2 would win. Black has some pressure.} 20. Bxe5 Qxe5 21. Nf3 Qf6 22. Rad1 Rad8 23. Rd4 Rxd4 24. exd4 Bh5 ({Black should try} 24... Ng5 $15 25. Nxg5 hxg5) 25. Re1 $2 (25. g4 $1 $11 {and White has nothing to worry.} Nd6 26. Ne5) 25... Bxf3 $1 $19 26. Qxf3 Qxf3 27. gxf3 {[%mdl 4096] Endgame KRB-KRN} Nd2 28. Be2 Rxd4 29. Kg2 Rd6 30. Bd1 (30. Rc1 $142) 30... Kf8 31. f4 Rg6+ 32. Kh2 Rd6 33. Kg2 b6 34. Re3 (34. f5 {is a better defense.}) 34... Nc4 35. Rc3 Rxd1 36. Rxc4 {KR-KR} Rd6 37. Rc3 Ke7 38. h4 Kd7 39. h5 g6 40. hxg6 Rxg6+ ({Don't do} 40... fxg6 41. Rh3 $17) 41. Kf3 {[#]} f5 $1 42. Rc1 Rd6 43. Rh1 (43. Rc3 $17) 43... c5 44. bxc5 bxc5 45. Rh5 $2 (45. Ke2) 45... Rf6 $2 (45... c4 {aiming for ...c3.} 46. Rh1 c3) 46. Ke3 Kc6 47. Kd3 Kd5 48. f3 $2 (48. a4) 48... c4+ 49. Kc3 Kc5 50. Rh3 (50. Rh2 $142) 50... Ra6 51. Kc2 Kd4 52. Rh5 Rf6 53. Rh4 (53. a4 $142 Ke3 54. Rh3) 53... c3 54. Rh3 Rb6 $2 (54... Re6 {White must now prevent ...Re2+.} 55. Rh2 Rg6) 55. Rh5 Rf6 $2 ({Black should play} 55... Rb2+ $19 56. Kc1 Rf2 57. Rxf5 Rxf3) 56. Rh4 $2 {[%mdl 8192]} (56. Rh3 $11 Rg6 57. Rh2) 56... Kc4 57. Rh5 a6 58. Rh3 Rd6 59. Rh5 a5 $2 (59... Rg6 $19 {is more deadly.} 60. Rh2 {[#]} h5 $1 {[%mdl 512]}) 60. Rh3 $2 (60. Rxf5 $17 Rd2+ 61. Kc1) 60... Rd2+ 61. Kc1 Rf2 {( -> ...Kb3)} 62. Rxh6 Rxf3 63. Ra6 Kb3 {[%cal Rf3f1]} 64. Rb6+ Kxa3 65. Kc2 Rxf4 66. Kxc3 Rb4 67. Rf6 f4 68. Rf8 a4 {[%cal Ba5a4,Ba4a3][%mdl 32] Black mates.} 69. Rf7 Rb3+ 70. Kc2 f3 71. Kc1 Ka2 72. Rf4 a3 73. Rf6 Rb1+ 74. Kc2 Rb2+ 75. Kc1 f2 76. Rf3 {Accuracy: White = 52%, Black = 74%.} 0-1

[Event "WSTCC-65 2020"]
[Site "Prague"]
[Date "2020.03.08"]
[Round "3.28"]
[White "Just, Pavel"]
[Black "Dalling, Peter"]
[Result "1/2-1/2"]
[WhiteElo "1954"]
[BlackElo "1817"]
[Annotator "TA"]
[PlyCount "30"]
[EventDate "2020.03.06"]
[EventType "team-tourn"]
[EventCountry "CZE"]
[SourceTitle "playchess.com"]
[Source "ChessBase"]
[SourceQuality "1"]

{[%evp 15,30,17,4,0,30,-10,54,-91,-54,-124,-41,-66,-55,-38,-46,-43,-49]} 1. e4 e5 2. Nf3 Nf6 3. Nc3 Nc6 4. Bb5 Nd4 5. Ba4 Bc5 6. Nxe5 O-O 7. Nd3 Bb6 8. e5 Ne8 9. O-O {C48: Four Knights: 4 Bb5, replies other than 4...Bb4.} d5 10. exd6 Qxd6 {[#]} ({Black should play} 10... c6 $11) 11. Qe1 $146 (11. Re1 $14 {keeps the upper hand.}) ({Predecessor:} 11. Qh5 Nf6 12. Qh4 Bf5 13. Ne1 Qb4 14. Qf4 Qxa4 15. Qxf5 Qc6 16. Qh3 Rfe8 17. Rb1 {0-1 (44) Bauer,M-Doerflinger,J Germany 1988}) 11... Bf5 12. Qe5 Qg6 (12... Qd8 $17 {White must now prevent ...c6.} 13. Re1 c6 {[%mdl 64] Remove Defender}) 13. Qg3 {Black is slightly better.} Qxg3 14. hxg3 Bxd3 15. cxd3 Nf6 {Accuracy: White = 38%, Black = 37%.} 1/2-1/2